| 000 | 00360 a2200121 4500 | ||
|---|---|---|---|
| 001 | 54760 | ||
| 082 | _a629.1323306 HUM | ||
| 090 |
_c33968 _d33968 |
||
| 100 | _aHumayun Qureshi | ||
| 245 | _aEffects on dynamic stall on cambered airfoil with drooping leading edge control strategy | ||
| 260 |
_aRisalpur _bNUST CAE Risalpur _c2005 |
||
| 500 | _aMS thesis | ||
| 942 |
_aNUST-CAE _k629.1323306 HUM |
||
| 999 |
_c289833 _d289833 |
||